[Event "Women's Speed Chess Q5"]
[Site "chess.com INT"]
[Date "2020.06.22"]
[Round "1"]
[White "Martynkova, Olena"]
[Black "Arabidze, Meri"]
[Result "0-1"]
[WhiteTitle "WIM"]
[BlackTitle "IM"]
[WhiteElo "2222"]
[BlackElo "2428"]
[WhiteFideId "14134039"]
[BlackFideId "13604040"]
[EventDate "2020.06.22"]

1. d4 d5 2. Nf3 Nf6 3. c4 e6 4. g3 Bb4+ 5. Bd2 Be7 6. Bg2 O-O 7. O-O Nbd7 8. Nc3
dxc4 9. e4 Rb8 10. a4 c6 11. Qe2 b5 12. axb5 cxb5 13. Rxa7 Qb6 14. Raa1 Bb7 15.
h3 Ra8 16. e5 Nd5 17. Nxd5 Bxd5 18. Ng5 Qxd4 19. Bc3 Qb6 20. Bxd5 exd5 21. Nf3
Bc5 22. Rad1 b4 23. Bd4 Rad8 24. Qe3 Rfe8 25. Rfe1 h6 26. Bxc5 Nxc5 27. Kg2 Na4
28. Qxb6 Nxb6 29. Nd4 Rc8 30. Nb5 Rc5 31. Nd6 Rb8 32. e6 fxe6 33. Rxe6 Na4 34.
Nf5 Nxb2 35. Rde1 Nd3 36. R1e3 d4 37. Rf3 Rxf5 38. Rxf5 b3 39. Re7 b2 40. Rff7
Nf4+ 41. gxf4 b1=Q 42. Rxg7+ Kh8 43. f5 Qxf5 0-1

[Event "Women's Speed Chess Q5"]
[Site "chess.com INT"]
[Date "2020.06.22"]
[Round "1"]
[White "Golubenko, Valentina"]
[Black "Goltseva, Ekaterina"]
[Result "0-1"]
[WhiteTitle "WGM"]
[BlackTitle "FM"]
[WhiteElo "2209"]
[BlackElo "2306"]
[WhiteFideId "4501993"]
[BlackFideId "24173770"]
[EventDate "2020.06.22"]

1. d4 Nf6 2. g3 d5 3. Bg2 e6 4. Nf3 b5 5. O-O Bb7 6. a4 b4 7. c3 c5 8. dxc5 Bxc5
9. cxb4 Bxb4 10. Qb3 a5 11. Bd2 Na6 12. Nc3 O-O 13. Nb5 Ne4 14. Bxb4 Nxb4 15.
Rfd1 Qb6 16. e3 Rac8 17. Rac1 Nc5 18. Qa3 Ba6 19. Nfd4 Rfe8 20. Bf1 g6 21. Nb3
Ne4 22. N3d4 e5 23. Nf3 Bb7 24. Qb3 Qf6 25. Bg2 Red8 26. Rc7 Rxc7 27. Nxc7 Qe7
28. Nb5 Rc8 29. Nd2 Nc5 30. Qa3 Ncd3 31. Nf3 Nc5 32. Nd2 Kg7 33. Nb3 Nxb3 34.
Qxb3 Rc2 35. Bxd5 Bxd5 36. Rxd5 Qf6 37. Qxc2 Nxc2 38. Rd6 Qf3 39. Kf1 Nxe3+ 40.
Ke1 Nc4 41. Rd7 Qe4+ 42. Kf1 Qc6 43. Rc7 Qe6 44. b3 Nd2+ 45. Kg2 Nxb3 46. Rc3
Nd4 47. Nc7 Qf5 48. f3 e4 49. f4 Nf3 0-1

[Event "Women's Speed Chess Q5"]
[Site "chess.com INT"]
[Date "2020.06.22"]
[Round "1"]
[White "Mohota, Nisha"]
[Black "Daulyte-Cornette, Deimante"]
[Result "0-1"]
[WhiteTitle "IM"]
[BlackTitle "IM"]
[WhiteElo "2195"]
[BlackElo "2400"]
[WhiteFideId "5004330"]
[BlackFideId "12802859"]
[EventDate "2020.06.22"]

1. d4 Nf6 2. c4 b6 3. Nc3 Bb7 4. d5 e6 5. e4 Bb4 6. Bd3 Bxc3+ 7. bxc3 d6 8. Ne2
O-O 9. O-O e5 10. Bg5 h6 11. Bh4 g5 12. Bg3 Nbd7 13. f3 Nh5 14. Bf2 Nf4 15. Ng3
Nf6 16. Nf5 Kh7 17. Be3 Bc8 18. Qd2 Bxf5 19. exf5 Rg8 20. Bc2 Qe7 21. g3 N4h5
22. Kf2 Rae8 23. Rae1 Qd7 24. Rh1 c6 25. h4 g4 26. Bxh6 gxf3 27. Bg5 e4 28. Qd4
Qxf5 29. Re3 Ng4+ 30. Ke1 Nxg3 31. Rg1 f2+ 32. Kd2 fxg1=Q 33. Rxe4 Nxe4+ 34.
Bxe4 Qxd4+ 35. cxd4 Qxe4 36. Kc3 Qf3+ 37. Kb2 Rxg5 38. hxg5 Re2+ 39. Kb1 Qf1# 0-1

[Event "Women's Speed Chess Q5"]
[Site "chess.com INT"]
[Date "2020.06.22"]
[Round "1"]
[White "Shuvalova, Polina"]
[Black "Nguyen, Thi Thanh An"]
[Result "1-0"]
[WhiteTitle "WGM"]
[BlackTitle "WGM"]
[WhiteElo "2454"]
[BlackElo "2285"]
[WhiteFideId "24171760"]
[BlackFideId "12400300"]
[EventDate "2020.06.22"]

1. e4 c5 2. Nf3 d6 3. Bb5+ Bd7 4. Bxd7+ Qxd7 5. c4 Nc6 6. Nc3 Nf6 7. d4 cxd4 8.
Nxd4 g6 9. f3 Bg7 10. Be3 O-O 11. O-O Rfc8 12. Qd3 Ne5 13. Qe2 Nxc4 14. Bf2 a6
15. Rac1 b5 16. Rfd1 Qb7 17. Nb3 Bh6 18. Rc2 Nxb2 19. Rxb2 Rxc3 20. Bd4 Rcc8 21.
Bxf6 exf6 22. Rc2 Rxc2 23. Qxc2 Rc8 24. Qb2 Qb6+ 25. Kh1 Bg7 26. Qd2 Bf8 27. h4
h5 28. Nd4 a5 29. Qf4 Be7 30. Qg3 Kh7 31. Ne2 Rc2 32. Nf4 Qf2 33. Qxf2 Rxf2 34.
Rd5 Rb2 35. a4 bxa4 36. Rxa5 Ra2 37. Nd5 Bd8 38. Ra8 a3 39. Rxd8 Rb2 40. Ra8 a2
41. Kh2 Kg7 42. Nc3 Rc2 43. Nxa2 Rd2 44. Nc3 Rd3 45. Nd5 f5 46. Nf4 Rd2 47. exf5
Rd4 48. Kg3 gxf5 49. Nxh5+ Kg6 50. Nf4+ Kh6 51. Ra7 Kg7 52. Ne6+ 1-0

[Event "Women's Speed Chess Q5"]
[Site "chess.com INT"]
[Date "2020.06.22"]
[Round "1"]
[White "Tarasova, Viktoriya"]
[Black "Vijayalakshmi, Subbaraman"]
[Result "0-1"]
[WhiteTitle "WIM"]
[BlackTitle "IM"]
[WhiteElo "2226"]
[BlackElo "2332"]
[WhiteFideId "4175840"]
[BlackFideId "5004098"]
[EventDate "2020.06.22"]

1. d4 Nf6 2. c4 e6 3. Nc3 Bb4 4. Qc2 O-O 5. Nf3 d5 6. cxd5 exd5 7. Bg5 h6 8. Bh4
c6 9. e3 Be6 10. Bd3 Nbd7 11. O-O Re8 12. h3 Rc8 13. Ne5 g5 14. Bg3 c5 15. f4 c4
16. Be2 Bxc3 17. bxc3 Ne4 18. Bh2 Nxe5 19. fxe5 Qd7 20. Rac1 Rc6 21. g4 Ra6 22.
Bf3 Qc6 23. Bxe4 dxe4 24. Rf6 Kg7 25. Rcf1 Qd5 26. Qf2 Rg8 27. Kh1 Ra3 28. h4
Rxc3 29. hxg5 hxg5 30. Rxf7+ Bxf7 31. Qf6+ Kh7 32. Qxf7+ Qxf7 33. Rxf7+ Rg7 34.
Rf5 Rxe3 35. e6 c3 36. Rc5 b6 37. Rc6 Rd3 38. Be5 Rg8 39. e7 e3 40. Rc7 Kg6 41.
Kg2 Re8 42. Kf3 Kf7 43. Ke2 Rd2+ 44. Kxe3 Rxe7 45. Rxe7+ Kxe7 46. d5 Rxd5 47.
Bxc3 Ke6 48. Bb4 Rb5 49. Bc3 a5 50. Ke4 Rc5 51. Bd2 Rc4+ 52. Kd3 Rxg4 0-1

[Event "Women's Speed Chess Q5"]
[Site "chess.com INT"]
[Date "2020.06.22"]
[Round "1"]
[White "Sliwicka, Alicja"]
[Black "Munkhzul, Davaakhuu"]
[Result "1-0"]
[WhiteTitle "WIM"]
[BlackTitle "WFM"]
[WhiteElo "2317"]
[BlackElo "1991"]
[WhiteFideId "1150677"]
[BlackFideId "4902815"]
[EventDate "2020.06.22"]

1. e4 e5 2. Nf3 Nc6 3. Nc3 Nf6 4. a3 g6 5. d4 exd4 6. Nxd4 Bg7 7. Be3 O-O 8.
Nxc6 bxc6 9. Be2 Re8 10. Bf3 Ba6 11. Qd2 d6 12. h4 Rb8 13. O-O-O h5 14. e5 Rxe5
15. Bd4 Re6 16. Bxc6 Bb7 17. Bxb7 Rxb7 18. f3 c5 19. Bxc5 Qa5 20. Bb4 Qb6 21.
Na4 Qc6 22. b3 a5 23. Bc3 Re8 24. Qxd6 Qxd6 25. Rxd6 Nd7 26. Rhd1 Nb8 27. Bxg7
Kxg7 28. Nc5 Rc7 29. Ne4 Nc6 30. Kb2 Ne5 31. c4 Rec8 32. R1d4 Nc6 33. R4d5 a4
34. Rd7 Ne7 35. Rxc7 Rxc7 36. Re5 axb3 37. Kxb3 Rb7+ 38. Kc3 Nc6 39. Rb5 Ra7 40.
Kb2 Nd4 41. Rb4 Ne2 42. a4 Nf4 43. g3 Ne6 44. c5 Nd4 45. Rxd4 1-0

[Event "Women's Speed Chess Q5"]
[Site "chess.com INT"]
[Date "2020.06.22"]
[Round "1"]
[White "Bulmaga, Irina"]
[Black "Matveeva, Olga"]
[Result "1-0"]
[WhiteTitle "IM"]
[BlackTitle "WIM"]
[WhiteElo "2440"]
[BlackElo "2171"]
[WhiteFideId "13903063"]
[BlackFideId "24107018"]
[EventDate "2020.06.22"]

1. e4 e6 2. d4 d5 3. Nc3 Nf6 4. Bg5 Bb4 5. e5 h6 6. Bh4 g5 7. Bg3 Ne4 8. Ne2 c5
9. a3 Bxc3+ 10. Nxc3 Nxc3 11. bxc3 Nc6 12. Qd2 Qb6 13. dxc5 Qxc5 14. Bd3 Bd7 15.
O-O O-O-O 16. Kh1 Rdg8 17. f4 Qe7 18. f5 h5 19. Qe3 h4 20. Be1 g4 21. f6 Qd8 22.
Bd2 Qc7 23. Rfe1 Rh5 24. c4 Rxe5 25. Qf4 Rxe1+ 26. Rxe1 Qxf4 27. Bxf4 dxc4 28.
Bxc4 Na5 29. Bd3 Bc6 30. Kg1 b6 31. Bd6 h3 32. g3 Rg5 33. Bf4 Rd5 34. Kf2 Kd7
35. Be2 Rc5 36. Bxg4 Rxc2+ 37. Re2 Rc3 38. Bxh3 Rxa3 39. Rd2+ Ke8 40. Bc7 Bd5
41. Bg2 Ra2 42. Rxa2 Bxa2 43. h4 Nc4 44. h5 Kf8 45. Be4 b5 46. h6 Kg8 47. h7+
Kh8 48. Bf4 1-0

[Event "Women's Speed Chess Q5"]
[Site "chess.com INT"]
[Date "2020.06.22"]
[Round "1"]
[White "Fataliyeva, Ulviyya"]
[Black "Buksa, Nataliya"]
[Result "0-1"]
[WhiteTitle "WGM"]
[BlackTitle "IM"]
[WhiteElo "2301"]
[BlackElo "2410"]
[WhiteFideId "13403052"]
[BlackFideId "14123622"]
[EventDate "2020.06.22"]

1. e4 c5 2. Nf3 Nc6 3. Bb5 g6 4. Bxc6 dxc6 5. d3 Bg7 6. h3 Nf6 7. Nc3 Nd7 8. Be3
e5 9. Qd2 b6 10. Bh6 Bf6 11. O-O Nf8 12. Bg5 Ne6 13. Bxf6 Qxf6 14. Ne2 O-O 15.
Nh2 Ba6 16. b3 Rad8 17. Kh1 Nf4 18. Ng4 Qd6 19. Nxf4 exf4 20. e5 Qd4 21. Rae1
Bc8 22. Re4 Qb2 23. Nf6+ Kg7 24. Qxf4 Rd4 25. Qh4 h6 26. c4 Bf5 27. Rxd4 cxd4
28. Qg3 Qe2 29. Rg1 Qxd3 30. Qf4 Qc3 31. Rd1 Rd8 32. Kh2 Be6 33. Rd2 d3 34. Ne4
Qd4 35. Qf6+ Kg8 36. f3 c5 37. Nd6 Rxd6 38. Qe7 Rd8 39. Qf6 Rd7 40. h4 Qe3 41.
Rd1 d2 42. h5 Qg5 43. Qxg5 hxg5 44. hxg6 Bf5 45. gxf7+ Kxf7 46. Kg3 Bc2 0-1

[Event "Women's Speed Chess Q5"]
[Site "chess.com INT"]
[Date "2020.06.22"]
[Round "1"]
[White "Xu, Yuanyuan"]
[Black "Hoang, Thi Bao Tram"]
[Result "0-1"]
[WhiteTitle "WGM"]
[BlackTitle "WGM"]
[WhiteElo "2317"]
[BlackElo "2288"]
[WhiteFideId "8601089"]
[BlackFideId "12401102"]
[EventDate "2020.06.22"]

1. d4 d5 2. c4 c6 3. Nf3 Nf6 4. e3 Bf5 5. Nc3 e6 6. Nh4 Be4 7. f3 Bg6 8. Qb3 Qc7
9. Bd2 Nbd7 10. Rc1 Qb6 11. Be2 Be7 12. Nxg6 hxg6 13. g3 dxc4 14. Bxc4 Bd6 15.
Kf2 Ke7 16. Kg2 Rh5 17. Na4 Qxb3 18. Bxb3 Nd5 19. a3 N5b6 20. Nc3 Rah8 21. e4
Bb8 22. Be3 Nf6 23. Rc2 Rh3 24. Bg5 Bxg3 25. Kg1 Bh4 26. Bxh4 R3xh4 27. Kg2 Nh5
28. Ne2 Nf4+ 29. Nxf4 Rxf4 30. Kg3 Rfh4 31. h3 R4h5 32. d5 exd5 33. exd5 Nxd5
34. Re1+ Kd6 35. Rd2 Rg5+ 36. Kf2 Rxh3 37. Kf1 Rh1+ 38. Ke2 Rg2+ 39. Kd1 Rxe1+
40. Kxe1 Rxd2 41. Kxd2 f6 42. Kd3 Ke5 0-1

[Event "Women's Speed Chess Q5"]
[Site "chess.com INT"]
[Date "2020.06.22"]
[Round "1"]
[White "Linares Napoles, Oleiny"]
[Black "Zvereva, Margarita"]
[Result "1/2-1/2"]
[WhiteTitle "WGM"]
[BlackTitle "WFM"]
[WhiteElo "2215"]
[BlackElo "1929"]
[WhiteFideId "3504794"]
[BlackFideId "34177741"]
[EventDate "2020.06.22"]

1. c4 e6 2. Nf3 d5 3. b3 Nf6 4. g3 Be7 5. Bg2 O-O 6. O-O c5 7. e3 Nc6 8. Re1 b6
9. Bb2 Bb7 10. Nc3 d4 11. exd4 Nxd4 12. Nxd4 Bxg2 13. Nxe6 fxe6 14. Kxg2 Qd7 15.
d3 Rad8 16. Qe2 Qc6+ 17. Ne4 Nxe4 18. dxe4 Bf6 19. Bxf6 Rxf6 20. Rad1 Rd4 21. f4
Rf8 22. Rxd4 cxd4 23. Rd1 Rd8 24. Rd3 a5 25. Qf3 b5 26. cxb5 Qxb5 27. e5 Qc5 28.
Qd1 Qd5+ 29. Qf3 Qc5 30. Qe2 Qd5+ 31. Kh3 Qc6 32. Qf3 Qc2 33. Qd1 Qxa2 34. Rxd4
Rxd4 35. Qxd4 Qxb3 36. Qd8+ Kf7 37. Qxa5 Qb7 38. Qa1 Qf3 39. Qb1 Qh5+ 40. Kg2
Qe2+ 41. Kg1 Qe3+ 42. Kf1 Qf3+ 43. Kg1 Qe3+ 44. Kg2 Qe2+ 45. Kh3 Qh5+ 46. Kg2
Qe2+ 1/2-1/2

[Event "Women's Speed Chess Q5"]
[Site "chess.com INT"]
[Date "2020.06.22"]
[Round "1"]
[White "Nithyalakshmi, Sivanesan"]
[Black "Osmak, Iulija"]
[Result "1/2-1/2"]
[WhiteTitle "WCM"]
[BlackTitle "IM"]
[WhiteElo "1945"]
[BlackElo "2438"]
[WhiteFideId "5706955"]
[BlackFideId "14101602"]
[EventDate "2020.06.22"]

1. d4 e6 2. c4 f5 3. Nc3 Nf6 4. g3 Be7 5. Bg2 O-O 6. Nf3 d6 7. O-O Nc6 8. b3 e5
9. d5 Nb8 10. Bb2 f4 11. Qd2 Na6 12. Ng5 h6 13. Nge4 g5 14. Nxf6+ Bxf6 15. Ne4
Bg7 16. b4 Bf5 17. Rac1 Qd7 18. c5 Rad8 19. c6 Qc8 20. cxb7 Qxb7 21. a3 Nb8 22.
Qc3 Rd7 23. Qc4 Kh8 24. Nd2 Rdf7 25. Nb3 Qc8 26. b5 Bh3 27. Qe4 Bxg2 28. Qxg2
Nd7 29. a4 Nf6 30. Rc6 Ng4 31. h3 Nf6 32. g4 Qd7 33. f3 h5 34. Rfc1 Qd8 35. Bc3
hxg4 36. hxg4 Bh6 37. Kf2 Nxd5 38. Ba5 Kg7 39. Nd2 Qf6 40. Ne4 Qg6 41. Qf1 Ne3
42. Qe1 Rh8 43. Rxc7 Rxc7 44. Rxc7+ Kg8 45. Rc8+ Bf8 46. Qc3 Rh2+ 47. Ke1 Qh6
48. Qb3+ Kh8 49. Kd2 Rh1 50. Qf7 Rd1+ 51. Kc3 Rc1+ 52. Kd2 Rxc8 53. Nf6 Rc2+ 54.
Kd3 Qg7 55. Qh5+ Qh6 56. Qf7 Qg7 57. Qh5+ Qh6 58. Qf7 1/2-1/2

[Event "Women's Speed Chess Q5"]
[Site "chess.com INT"]
[Date "2020.06.22"]
[Round "1"]
[White "Sukandar, Irine Kharisma"]
[Black "Bommini, Mounika Akshaya"]
[Result "1/2-1/2"]
[WhiteTitle "IM"]
[BlackTitle "WFM"]
[WhiteElo "2413"]
[BlackElo "2029"]
[WhiteFideId "7101937"]
[BlackFideId "25019872"]
[EventDate "2020.06.22"]

1. d4 Nf6 2. Bf4 d5 3. e3 c5 4. c3 Nc6 5. Nd2 Bf5 6. Qb3 Qd7 7. Ngf3 c4 8. Qd1
e6 9. Ne5 Qc8 10. Be2 Be7 11. O-O O-O 12. h3 b5 13. g4 Bg6 14. Bg3 b4 15. h4 h6
16. g5 hxg5 17. hxg5 Ne4 18. Nxg6 fxg6 19. Nxe4 dxe4 20. Bxc4 bxc3 21. bxc3 Nd8
22. Bb3 Qxc3 23. Qg4 Rf5 24. Qxe4 Rc8 25. Bxe6+ Nxe6 26. Qxe6+ Rf7 27. Rac1 Qxc1
28. Rxc1 Rxc1+ 29. Kg2 Bxg5 30. d5 Rd1 31. d6 Rd2 32. e4 Be3 33. Qe8+ Rf8 34. d7
Bxf2 35. Bxf2 Rxf2+ 36. Kg3 Rd2 37. Qe6+ Rf7 38. e5 Rxd7 39. Qe8+ Kh7 40. e6
Rd3+ 41. Kg4 Rd4+ 42. Kg3 Rd3+ 43. Kh4 Rd4+ 44. Kg3 Rd3+ 1/2-1/2

[Event "Women's Speed Chess Q5"]
[Site "chess.com INT"]
[Date "2020.06.22"]
[Round "1"]
[White "Ovezdurdiyeva, Jemal"]
[Black "Cori T., Deysi"]
[Result "0-1"]
[WhiteTitle "WFM"]
[BlackTitle "WGM"]
[WhiteElo "2061"]
[BlackElo "2388"]
[WhiteFideId "14001888"]
[BlackFideId "3801934"]
[EventDate "2020.06.22"]

1. d4 Nf6 2. c4 e6 3. Nc3 Bb4 4. e3 O-O 5. Ne2 d5 6. a3 Bd6 7. c5 Be7 8. b4 c6
9. Ng3 b6 10. Bd3 a5 11. Rb1 axb4 12. axb4 bxc5 13. bxc5 e5 14. O-O e4 15. Be2
Re8 16. Rb6 Nbd7 17. Rb4 Bf8 18. Bd2 g6 19. Qb3 h5 20. Rb1 h4 21. Nf1 Nh7 22.
Na4 Qg5 23. Nb6 Nxb6 24. Rxb6 Bd7 25. Rb7 Nf6 26. f3 exf3 27. Bxf3 Qf5 28. Be1
g5 29. Qb6 Bh6 30. Qb3 Kg7 31. Be2 Re7 32. Bd3 Qg4 33. Qc2 Rae8 34. Qe2 Qxe2 35.
Bxe2 Bg4 36. Bd3 Rxb7 37. Rxb7 Bd1 38. Rc7 Ba4 39. Ra7 Bb3 40. Ra6 g4 41. Bf2 g3
42. hxg3 hxg3 43. Nxg3 Ng4 44. Nf5+ Kf8 45. Rxc6 Bg5 46. Rc7 Nxf2 47. Kxf2 Bd1
48. Be2 Bc2 49. g4 Bxf5 50. gxf5 Bxe3+ 51. Kg3 Bxd4 52. Bf3 Be5+ 53. Kg4 Bxc7
54. Bxd5 Re5 0-1

[Event "Women's Speed Chess Q5"]
[Site "chess.com INT"]
[Date "2020.06.22"]
[Round "1"]
[White "Foisor, Sabina-Francesca"]
[Black "Berdychevskaya, Natasha"]
[Result "1-0"]
[WhiteTitle "WGM"]
[BlackTitle "WFM"]
[WhiteElo "2228"]
[BlackElo "2208"]
[WhiteFideId "1212915"]
[BlackFideId "4159322"]
[EventDate "2020.06.22"]

1. d4 d5 2. c4 c5 3. dxc5 Nf6 4. Nf3 e6 5. cxd5 Qxd5 6. Qxd5 Nxd5 7. Bd2 Bxc5 8.
e4 Nb4 9. Na3 O-O 10. Be2 N8c6 11. O-O e5 12. Nc4 f6 13. Ne3 Rd8 14. Bc4+ Kh8
15. a3 Nd3 16. b4 Bf8 17. Bc3 Bg4 18. Nxg4 Rac8 19. Bxd3 Rxd3 20. Rac1 h5 21.
Ne3 Kh7 22. Rfd1 Rcd8 23. Rxd3 Rxd3 24. Kf1 a5 25. Ke2 Rd8 26. Rb1 axb4 27. axb4
Nd4+ 28. Bxd4 exd4 29. Nd5 f5 30. Kd3 fxe4+ 31. Kxe4 Re8+ 32. Kxd4 Re2 33. Ne3
Rxf2 34. b5 Ba3 35. Rb3 Bc1 36. Ng5+ Kg6 37. Ne4 Re2 38. Rd3 Bxe3+ 39. Rxe3 Rxg2
40. Rg3+ Rxg3 41. Nxg3 h4 42. Ne2 Kf5 43. Ke3 g5 44. Ng1 Ke5 45. Kf3 Kf5 46. h3
Ke5 47. Kg4 Kf6 48. Nf3 Ke6 49. Nxg5+ Kd5 50. Kxh4 Kc5 51. Kg4 Kxb5 52. h4 Kc4
53. h5 b5 54. h6 b4 55. h7 b3 56. h8=Q b2 57. Qxb2 1-0

[Event "Women's Speed Chess Q5"]
[Site "chess.com INT"]
[Date "2020.06.22"]
[Round "1"]
[White "Mamedjarova, Zeinab"]
[Black "Vaishali, R"]
[Result "0-1"]
[WhiteTitle "WGM"]
[BlackTitle "WGM"]
[WhiteElo "2274"]
[BlackElo "2393"]
[WhiteFideId "13401521"]
[BlackFideId "5091756"]
[EventDate "2020.06.22"]

1. d4 Nf6 2. Nf3 g6 3. g3 Bg7 4. Bg2 c5 5. c3 O-O 6. O-O d6 7. Re1 Nc6 8. e4 e5
9. dxc5 dxc5 10. Qc2 Be6 11. Be3 b6 12. Nbd2 h6 13. Rad1 Qe7 14. h3 Rac8 15. Kh2
Nd4 16. Qc1 Nxf3+ 17. Bxf3 Rfd8 18. Bg2 Rd7 19. f4 Rcd8 20. fxe5 Nh5 21. Bf3
Bxe5 22. Bxh5 Qh4 23. Nf1 Bxg3+ 24. Nxg3 Qxh3+ 25. Kg1 Qxg3+ 26. Kh1 Qh3+ 27.
Kg1 Qg3+ 28. Kh1 Qh4+ 29. Kg1 Qxh5 30. Rxd7 Rxd7 31. Qc2 Qg4+ 32. Qg2 Qxg2+ 33.
Kxg2 g5 34. Kf2 Kg7 35. a3 Kg6 36. Rg1 f6 37. Rh1 Bc4 38. Rg1 Re7 39. Kf3 Bb5
40. Rd1 Bc6 41. Rd6 Bxe4+ 42. Kf2 h5 43. b4 cxb4 44. cxb4 h4 45. Bd4 Rf7 46. a4
g4 47. a5 bxa5 48. bxa5 Kg5 49. a6 g3+ 50. Ke3 Bf5 51. Rd8 Re7+ 0-1

[Event "Women's Speed Chess Q5"]
[Site "chess.com INT"]
[Date "2020.06.22"]
[Round "1"]
[White "Petrova, Irina"]
[Black "Dzagnidze, Nana"]
[Result "0-1"]
[WhiteTitle "WIM"]
[BlackTitle "GM"]
[WhiteElo "2087"]
[BlackElo "2524"]
[WhiteFideId "14124122"]
[BlackFideId "13601903"]
[EventDate "2020.06.22"]

1. d4 Nf6 2. Bg5 d5 3. Nc3 Bf5 4. Bxf6 exf6 5. e3 c6 6. Bd3 Bxd3 7. Qxd3 Bd6 8.
Nge2 O-O 9. Ng3 Nd7 10. O-O Re8 11. e4 dxe4 12. Ncxe4 Bf8 13. Nf5 Qc7 14. Rfe1
Rad8 15. Qf3 g6 16. Nfg3 f5 17. Ng5 Bg7 18. c3 Nf6 19. h4 h6 20. Nh3 Nd5 21. h5
f4 22. Ne4 g5 23. g4 Re7 24. Nc5 Rde8 25. Kf1 b6 26. Nd3 Qd6 27. Rxe7 Rxe7 28.
Re1 a5 29. Rxe7 Qxe7 30. Qe2 Qd7 31. f3 f5 32. Nhf2 Nf6 33. Kg2 fxg4 34. fxg4
Nd5 35. Ne5 Qe6 36. Kh3 Ne3 37. Nfd3 c5 38. Qf3 c4 39. Qa8+ Bf8 40. Nf2 Kg7 41.
Qe4 Bd6 42. Qg6+ Qxg6 43. Nxg6 Bc7 44. Ne4 b5 45. d5 Nxd5 46. Nc5 b4 47. Ne6+
Kf6 48. Nd4 bxc3 49. bxc3 Nxc3 50. Kg2 Nd5 51. Kf3 Bb6 52. Nc2 Nb4 0-1

[Event "Women's Speed Chess Q5"]
[Site "chess.com INT"]
[Date "2020.06.22"]
[Round "1"]
[White "Starosta, Martyna"]
[Black "Muminova, Nafisa"]
[Result "0-1"]
[WhiteTitle "WCM"]
[BlackTitle "WGM"]
[WhiteElo "2079"]
[BlackElo "2274"]
[WhiteFideId "21818754"]
[BlackFideId "14201526"]
[EventDate "2020.06.22"]

1. e4 e6 2. d4 d5 3. Nc3 Nf6 4. Bg5 Bb4 5. e5 h6 6. Bc1 Ne4 7. Qg4 Kf8 8. a3 Ba5
9. b4 Nxc3 10. bxa5 c5 11. a4 Qxa5 12. Bd2 Nc6 13. Nf3 cxd4 14. Bb5 Qb6 15. Bxc6
bxc6 16. Qxd4 Ne4 17. a5 Qxd4 18. Nxd4 c5 19. Nb5 Bd7 20. Nc3 Nxd2 21. Kxd2 Ke7
22. Rab1 Rab8 23. f4 Bc6 24. a6 Kd7 25. Rhg1 Kc7 26. g3 Rxb1 27. Rxb1 Rb8 28.
Rxb8 Kxb8 29. g4 Kc7 30. f5 Kb6 31. h4 Kxa6 32. fxe6 fxe6 33. g5 hxg5 34. hxg5
Kb6 35. Ne2 a5 36. Nf4 Bd7 37. Nh5 Be8 38. Nxg7 Bf7 39. g6 Bxg6 40. Nxe6 Kc6 41.
Nf4 Bf5 42. Kc1 d4 43. Kb2 Be4 44. e6 Kd6 45. Kb3 Bc6 46. Kc4 a4 47. Kd3 Bb5+
48. Kd2 a3 49. Kc1 Bc4 50. Kb1 Bxe6 51. Nxe6 Kxe6 52. Ka2 Kd5 53. Kxa3 c4 54.
Kb4 c3 55. Kb3 Ke4 56. Kc4 Ke3 57. Kd5 d3 58. cxd3 Kxd3 59. Kc5 c2 60. Kd6 c1=Q 0-1

[Event "Women's Speed Chess Q5"]
[Site "chess.com INT"]
[Date "2020.06.22"]
[Round "1"]
[White "Zakirova, Aisha"]
[Black "Dordzhieva, Dinara"]
[Result "1-0"]
[WhiteTitle "WCM"]
[BlackTitle "WIM"]
[WhiteElo "1585"]
[BlackElo "2354"]
[WhiteFideId "13719734"]
[BlackFideId "24157570"]
[EventDate "2020.06.22"]

1. d4 Nf6 2. c4 e6 3. Nf3 d5 4. Nc3 dxc4 5. e3 a6 6. Bxc4 b5 7. Bd3 Bb7 8. O-O
c5 9. dxc5 Bxc5 10. Qe2 Nbd7 11. Rd1 Qc7 12. e4 O-O 13. h3 Ne5 14. Bf4 Bd6 15.
Bxe5 Bxe5 16. Rac1 Qb8 17. Nxe5 Qxe5 18. Qe3 Rfd8 19. f4 Qd4 20. Qxd4 Rxd4 21.
e5 Rad8 22. Be2 Ne8 23. Kf2 Rxf4+ 24. Ke3 Rxd1 25. Rxd1 Rf5 26. Rd8 Kf8 27. Rb8
Bxg2 28. Nxb5 axb5 29. Bxb5 Rxe5+ 30. Kf2 Ke7 31. Rxe8+ Kf6 32. Be2 Bxh3 33. a4
Ra5 34. Bb5 e5 35. b4 Ra7 36. a5 Be6 37. a6 h5 38. Rb8 Bd5 39. Rb6+ Kg5 40. Bc6
Bc4 41. b5 h4 42. Rb7 h3 43. Rxa7 e4 44. Rxf7 e3+ 45. Kxe3 Bxf7 46. a7 Kh4 47.
a8=Q g5 48. Bh1 Kg3 49. Qf3+ Kh4 50. b6 Bd5 51. Qxd5 g4 52. b7 h2 53. b8=Q Kh3
54. Qh8+ Kg3 55. Qhe5+ Kh3 56. Qh5+ Kg3 57. Qde5# 1-0

[Event "Women's Speed Chess Q5"]
[Site "chess.com INT"]
[Date "2020.06.22"]
[Round "1"]
[White "Bartel, Marta"]
[Black "Danielian, Elina"]
[Result "0-1"]
[WhiteTitle "WGM"]
[BlackTitle "GM"]
[WhiteElo "2192"]
[BlackElo "2407"]
[WhiteFideId "1123009"]
[BlackFideId "13300210"]
[EventDate "2020.06.22"]

1. d4 Nf6 2. Nf3 e6 3. c4 c5 4. d5 exd5 5. cxd5 Bd6 6. Nc3 Bc7 7. Bg5 d6 8. e3
O-O 9. h3 Nbd7 10. Be2 a6 11. a4 Re8 12. O-O Rb8 13. Nd2 h6 14. Bh4 Nf8 15. Ra3
Ng6 16. Bg3 Qe7 17. Rb3 Bd7 18. Qc2 Ne5 19. Re1 Qd8 20. e4 Ng6 21. f4 h5 22. Nf3
Ba5 23. e5 Bxc3 24. bxc3 Nxd5 25. f5 Ne3 26. Qb2 Nxf5 27. Bf2 Bc6 28. exd6 Qxd6
29. Bc4 Qf6 30. Rxe8+ Rxe8 31. Qc2 Ne3 32. Bxe3 Rxe3 33. Qf2 Rxc3 34. Rxc3 Qxc3
35. Qxc5 Qa1+ 36. Kh2 Bxf3 37. gxf3 Qe5+ 38. Qxe5 Nxe5 39. Bd5 b5 40. axb5 axb5
41. Kg3 Kf8 42. Kf4 Nc4 43. Ke4 Ke7 44. Bc6 Nd6+ 45. Kd5 b4 46. Ba4 g6 47. f4
Nf5 48. Kc5 Ne3 49. Kxb4 Kf6 50. Bb3 Ng2 51. Kc5 Nxf4 52. h4 Ng2 53. Kd4 Nxh4
54. Ke4 Nf5 55. Kf4 g5+ 56. Kf3 Nd4+ 57. Kg2 Nxb3 58. Kg3 Kf5 0-1

[Event "Women's Speed Chess Q5"]
[Site "chess.com INT"]
[Date "2020.06.22"]
[Round "1"]
[White "Nikoladze, Sopio"]
[Black "Antolak, Julia"]
[Result "0-1"]
[WhiteTitle "WIM"]
[BlackTitle "WIM"]
[WhiteElo "2132"]
[BlackElo "2323"]
[WhiteFideId "13600427"]
[BlackFideId "1159569"]
[EventDate "2020.06.22"]

1. d4 Nf6 2. Nf3 g6 3. g3 Bg7 4. Bg2 O-O 5. O-O d6 6. c4 Nc6 7. Nc3 Bg4 8. h3
Bxf3 9. Bxf3 Nd7 10. e3 e5 11. d5 Ne7 12. Qc2 f5 13. Bg2 e4 14. g4 Ne5 15. Nxe4
fxe4 16. Bxe4 a5 17. f4 Nd7 18. Bg2 Nc5 19. Rb1 Nc8 20. b3 Qe7 21. a3 Nb6 22. e4
Rae8 23. Re1 Qh4 24. Be3 Qg3 25. e5 Rxf4 26. Bxf4 Qxf4 27. exd6 Be5 28. Rxe5
Qxe5 29. b4 axb4 30. axb4 Na6 31. c5 Nxd5 32. Qc4 c6 33. b5 Qe3+ 34. Kh1 Nxc5
35. bxc6 bxc6 36. Bxd5+ cxd5 37. Qxd5+ Qe6 38. Qxc5 Qe4+ 39. Kh2 Qxb1 40. Qd5+
Kg7 41. Qd4+ Kf7 42. Qd5+ Kf8 43. Qf3+ Kg7 44. d7 Qb2+ 45. Kg3 Qe5+ 46. Kg2 Qe2+
47. Qxe2 Rxe2+ 48. Kf3 Rd2 49. Kf4 Rxd7 50. Kg5 Rd5+ 51. Kh4 Ra5 52. Kg3 g5 53.
Kh2 Kg6 54. Kg3 h5 55. gxh5+ Kxh5 56. Kh2 Ra3 57. Kg2 Kh4 58. Kh2 Ra2+ 59. Kg1
Kxh3 60. Kf1 g4 61. Kg1 g3 62. Kh1 Ra1# 0-1